000 00734nam a2200217 a 4500
001 BRCA_4192
005 20190320204559.0
008 140510s2009----mx-a######---#000-0#spa-#
020 _a9786074840247
041 _aspa
044 _amx
050 4 _aF1219.7
_b.P47 2009
100 1 _aPérez Vejo, Tomás
_910811
245 1 0 _aDe novohispanos a mexicanos
_bretratos e identidad colectiva en una sociedad en transición
_cTomás Pérez Vejo, Marta Yolanda Quezada.
260 _aMéxico
_bINAH
_c2009
300 _a213 p.
_bil. a color
_c28 cm.
650 1 4 _aPintura de retratos
_xHistoria
_ySiglo XVIII-XIX
_zMéxico
_910812
650 1 4 _aRetratos
_xHistoria
_zMéxico
_910813
700 1 _aQuezada, Marta Yolanda
_910814
942 _2lcc
_cB
999 _c3908
_d3908